00673cam a22002054a 450000100090000000300040000900500170001300800410003001000170007102000150008804000180010305000280012108200230014924500840017226000410025630000300029765000360032771000210036385600830038415436457OSt20140310181627.0080903s2009 ilua d 000 0 eng  a 2008038765 a0716602911 aDLCcDLCdDLC00aPE 1625b.B262 1991 L-Z00aREF 423 bW89 199104aThe world book dictionary./cedited by Clarence L. Barnhart; Rober K. Barnhart. aChicago :bWorld Book, Inc.,cc1991. a1166 p. :bill. ;c28 cm. 0aEnglish languagevDictionaries.2 aWorld Book, Inc.413Table of contents onlyuhttp://www.loc.gov/catdir/toc/ecip0827/2008038765.html